000
00325 a2200157 4500
001
155404
040
_c
Escola São Tomás de Aquino
100
_a
PALMA, Candida
240
1
0
_a
Heads up!
_l
por
245
1
0
_a
Heads up!
300
_a
160
362
0
_a
2013
440
1
_a
Saraiva
697
_a
Língua inglesa
942
_c
BK
999
_c
155404
_d
155404